Truyện cười dân gian người Việt: Phần truyện trạng C13
v.v...
Đã lưu trong:
| Tác giả chính: | |
|---|---|
| Định dạng: | Sách |
| Năm xuất bản: |
H.
Khoa học xã hội
2014
|
| Chủ đề: | |
| Tags: |
Thêm thẻ
Không có thẻ, Hãy là người đầu tiên gắn thẻ bản ghi này!
|
| LEADER | 00676nam a2200181 4500 | ||
|---|---|---|---|
| 999 | |c 10880 |d 10880 | ||
| 082 | |a 398.709597 |b NG527CH | ||
| 100 | |a Nguyễn Chí Bền | ||
| 245 | |a Truyện cười dân gian người Việt: Phần truyện trạng |c Nguyễn Chí Bền, Phạm Lan Anh |n C13 | ||
| 260 | |a H. |b Khoa học xã hội |c 2014 | ||
| 300 | |a 392 tr. |c 27 cm | ||
| 500 | |a | ||
| 520 | |a v.v... | ||
| 653 | |a Văn học dân gian | ||
| 653 | |a Việt nam | ||
| 653 | |a Truyện trạng | ||
| 942 | |2 ddc |c SH | ||
| 952 | |0 0 |1 0 |2 ddc |4 0 |6 398_709597000000000_NG527CH |7 0 |8 300 |9 93724 |a qbu |b qbu |c D2 |d 2015-09-14 |g 78000 |o 398.709597 NG527CH |p 5740.c1 |w 2015-09-14 |y SH |0 0 |6 398_709597000000000_NG527CH | ||